| 000 | 01297cab a2200181 4500 | ||
|---|---|---|---|
| 001 | L129435 | ||
| 008 | 050419n2005 000 0 eng u | ||
| 035 | _a(Sirsi) u129435 | ||
| 041 | _aeng | ||
| 100 | _aNorwood, Graham | ||
| 245 | _aWho's seeking a change of pace? | ||
| 260 | _c2005 | ||
| 490 |
_aEstates Gazette _v(0515)16 April 2005 62-65(4) |
||
| 520 | _aReports on FPD Savills residential research department's lifestyle analysis of second-home owners and their quantification for the first time of the second-home market in England. Savills found that there were 299 186 second homes in England in its snapshot period of November 2004. Discusses the unexpected results in respect of the location and ownership of second homes and notes the negative public perception of second-home buyers in the UK. Indicates that most UK second-home owners buy property abroad because UK prices are generally so high. Focuses on second-home parks and the restrictions second homes face in the national parks. Tables cover the top five English second-home locations, the top second-home locations by percentage of local housing and who owns second homes in England. | ||
| 590 | _aIKA290405 | ||
| 690 | _aPROPERTY-RESIDENTIAL PROPERTY-DOMESTIC RESIDENTIAL PROPERTY-HOUSING-SECOND HOMES | ||
| 942 | _n0 | ||
| 999 |
_c75107 _d75107 |
||